Statistics for English Football Teams Starting With 'C'

Click here to take the quiz!

General Stats

  • This quiz has been taken 33 times
  • The average score is 7 of 11

Answer Stats

Answer% Correct
Chelsea
81%
Cardiff City
75%
Crystal Palace
75%
Colchester
72%
Coventry City
72%
Carlisle
69%
Cambridge United
66%
Charlton Athletic
66%
Cheltenham
59%
Crewe Alexandra
53%
Crawley Town
41%

Score Distribution

Percentile by Number Answered

Percent of People with Each Score

Your Score History

You have not taken this quiz